Introduction to statistics in pharmaceutical clinical trials (Record no. 31855)

MARC details
000 -LEADER
fixed length control field 00639nam a2200157 a 4500
008 - FIXED-LENGTH DATA ELEMENTS--GENERAL INFORMATION
fixed length control field 160215s2008 ||||||||||||||||| || u
020 ## - INTERNATIONAL STANDARD BOOK NUMBER
International Standard Book Number 9780853697145
050 ## - LIBRARY OF CONGRESS CALL NUMBER
Classification number RS 57 Dur
100 ## - MAIN ENTRY--PERSONAL NAME
Personal name Durham, Todd A
245 10 - TITLE STATEMENT
Title Introduction to statistics in pharmaceutical clinical trials
Statement of responsibility, etc. By Todd A. Durham and J. Rick Turner
260 ## - PUBLICATION, DISTRIBUTION, ETC.
Place of publication, distribution, etc. London
Name of publisher, distributor, etc. RPS Publishing
Date of publication, distribution, etc. 2008
300 ## - PHYSICAL DESCRIPTION
Extent xiii, 226p.: ill.
350 ## -
-- 55.00
650 ## - SUBJECT ADDED ENTRY--TOPICAL TERM
Topical term or geographic name entry element PHARMACEUTICAL STATISTICS
995 ## -
-- MEDICAL LIBRARY OPEN ACCESS
-- 903388
-- CBU-SCHOOL OF MEDICINE LIBRARY (Ndola)
-- 55.00
-- RS 57 Dur
-- 1
-- AVAILABLE
-- Feb 15, 2016
-- 903388
-- Medical Library Open Access Collection
999 ## -
-- 31855
-- 31855
Holdings
Withdrawn status Lost status Source of classification or shelving scheme Damaged status Not for loan Permanent Location Current Location Shelving location Date acquired Total Checkouts Full call number Barcode Date last seen Price effective from Koha item type
          CBU-SCHOOL OF MEDICINE LIBRARY, NDOLA. CBU-SCHOOL OF MEDICINE LIBRARY, NDOLA.   11/30/2022   RS 57 Dur 903388 11/30/2022 11/30/2022 MONOGRAPH